Phương pháp tuyển lựa và lai giống bắp
Αποθηκεύτηκε σε:
| Κύριος συγγραφέας: | |
|---|---|
| Μορφή: | Βιβλίο |
| Γλώσσα: | Undetermined |
| Έκδοση: |
Sài Gòn
Viện Khảo Cứu Nông Nghiệp
1974
|
| Θέματα: | |
| Ετικέτες: |
Προσθήκη ετικέτας
Δεν υπάρχουν, Καταχωρήστε ετικέτα πρώτοι!
|
| Thư viện lưu trữ: | Trung tâm Học liệu Trường Đại học Cần Thơ |
|---|
| LEADER | 00580nam a2200181Ia 4500 | ||
|---|---|---|---|
| 001 | CTU_12626 | ||
| 008 | 210402s9999 xx 000 0 und d | ||
| 082 | |a 631.5315 | ||
| 082 | |b L431 | ||
| 100 | |a Vũ Đình Long | ||
| 245 | 0 | |a Phương pháp tuyển lựa và lai giống bắp | |
| 245 | 0 | |c Vũ Đình Long | |
| 260 | |a Sài Gòn | ||
| 260 | |b Viện Khảo Cứu Nông Nghiệp | ||
| 260 | |c 1974 | ||
| 650 | |a corn - breeding,corn - genetics,corn - propagation | ||
| 904 | |i Minh, 961116 | ||
| 980 | |a Trung tâm Học liệu Trường Đại học Cần Thơ | ||